Formy vzdelávania v ďalšom podnikovom vzdelávaní diplomová práca

Saved in:
Bibliographic Details
Main Author: Pylypenko, Yuliia
Corporate Author: Fakulta podnikového manažmentu EU. Katedra manažmentu
Other Authors: Matulčíková, Marta, 1964-
Format: Book
Language:Slovak
Published: Bratislava 2025
Tags: Add Tag
No Tags, Be the first to tag this record!

MARC

LEADER 00000nbm a2200000 4500
001 0309918
005 20251217140145.2
041 0 |a slo 
044 |a SK 
245 1 0 |a Formy vzdelávania v ďalšom podnikovom vzdelávaní  |b diplomová práca  |c Yuliia Pylypenko ; školiteľ: Marta Matulčíková 
264 1 |a Bratislava  |c 2025 
300 |a 61 s. 
100 1 |a Pylypenko, Yuliia 
700 1 |a Matulčíková, Marta, 1964- 
710 2 |a Fakulta podnikového manažmentu EU. Katedra manažmentu